Marketing Ethics Guidelines for Managers

Enregistré dans:
Détails bibliographiques
Auteur principal: Laczniak, Gene R.
Autres auteurs: Murphy, Patrick E.
Format: Livre
Langue:anglais
Publié: Lexington Lexington Books 1986
Édition:1. ed.
Sujets:
Tags: Ajouter un tag
Pas de tags, Soyez le premier à ajouter un tag!

MARC

LEADER 00000nam a2200000 4500
001 c001034
005 20221220073916.4
020 |a 0-669-10832-4 
041 0 |a eng 
044 |a US 
245 1 0 |a Marketing Ethics  |b Guidelines for Managers  |c Gene R. Laczniak, Patrick E. Murphy 
250 |a 1. ed. 
264 1 |a Lexington  |b Lexington Books  |c 1986 
300 |a 182 s. 
610 2 0 |a marketing 
610 2 0 |a etika 
610 2 0 |a manažment 
610 2 0 |a reklama 
610 2 0 |a tvorba cien 
610 2 0 |a politika podniková 
610 2 0 |a prieskum trhu 
610 2 0 |a trh medzinárodný 
610 2 0 |a správanie 
100 1 |a Laczniak, Gene R. 
700 1 |a Murphy, Patrick E.